000
00331nam a2200145Ia 4500
100
_a
Hall/ F.
650
_a
Carpentery
942
_c
BK
654
_a
Plumbing & Heating Calculation
245
_a
Plumbing and Heating Calculation
260
_b
Lengman
_a
London
_c
1982
082
_a
696.10151
300
_a
211
546
_a
ENGLISH
999
_c
30262
_d
30262